Albae Pompeiensis. Can. Servi Dei Francisci Chiesa (Record n. 38004)
[ formato base ]
| 000 -LEADER | |
|---|---|
| fixed length control field | 01064nam a22001697a 4500 |
| 003 - CONTROL NUMBER IDENTIFIER | |
| control field | IT-RoPau |
| 005 - DATE AND TIME OF LATEST TRANSACTION | |
| control field | 20220918175940.0 |
| 008 - FIXED-LENGTH DATA ELEMENTS--GENERAL INFORMATION | |
| fixed length control field | 130206b xxu||||| |||| 00| 0 eng d |
| 040 ## - CATALOGING SOURCE | |
| Transcribing agency | IT-RoPau |
| 245 ## - TITLE STATEMENT | |
| Title | Albae Pompeiensis. Can. Servi Dei Francisci Chiesa |
| Remainder of title | Canonici Ecclesiae Cathedralis Albae Pompeiensis. Positio super virtutibus. |
| 250 ## - EDITION STATEMENT | |
| Edition statement | I |
| 260 ## - PUBLICATION, DISTRIBUTION, ETC. (IMPRINT) | |
| Place of publication, distribution, etc. | Romae |
| Name of publisher, distributor, etc. | Sacra Congregatio pro causis sanctorum |
| Date of publication, distribution, etc. | 1983 |
| 300 ## - PHYSICAL DESCRIPTION | |
| Extent | 434 + p. |
| Dimensions | 30 cm |
| 490 ## - SERIES STATEMENT | |
| Volume/sequential designation | I |
| 520 ## - SUMMARY, ETC. | |
| Summary, etc. | Index positionis<br/><br/>1. - Informatio<br/>2. - Tabella Index-Testium<br/>3. - Decretum super validitate Processuum<br/>4. - Summarium<br/> a) Depositiones testium<br/> b) Documenta<br/>5. - Positio super virtutibus<br/> a) Conspectus biographicus<br/> b) Iudicium prioris Theologi Censoris<br/> c) Iudicium alteris Theologi Censoris<br/> d) Decretum S. R. C. die 9 februarii 1967<br/> e) Iudicium tertii Theologi Censoris<br/> f) Decretum Promotoris Generales Fidei<br/>6. - Animadversiones Promotoris Generales Fidei<br/>7. - Responso Patroni ad Animadversiones |
| 942 ## - ADDED ENTRY ELEMENTS (KOHA) | |
| Source of classification or shelving scheme | Dewey Decimal Classification |
| Koha item type | LIBRO |
| Withdrawn status | Lost status | Source of classification or shelving scheme | Damaged status | Not for loan | Home library | Current library | Date acquired | Total Checkouts | Full call number | Date last seen | Price effective from | Koha item type |
|---|---|---|---|---|---|---|---|---|---|---|---|---|
| Dewey Decimal Classification | Buone Condizioni | Not For Loan | PAULUS-BIBLIOTECA | PAULUS-BIBLIOTECA | 06/02/2013 | P B5 | 06/02/2013 | 06/02/2013 | LIBRO |